Tiăng cướp Djăn, Dje = Tiăng pit Djăn, Dje

Sách là một công trình nghiên cứu về sử thi Tây Nguyên là một phần trong bộ sách chung "Kho tàng sử thi Tây Nguyên" phản ánh một cách trung thực, sinh động đời sống sinh hoạt cộng đồng các dân tộc Tây Nguyên qua các bộ sử thi Anh hù...

Popoln opis

Shranjeno v:
Bibliografske podrobnosti
Nhiều tác giả của công ty: Viện khoa học xã hội Việt Nam., Viện nghiên cứu văn hóa
Format: Knjiga
Jezik:Undetermined
Izdano: Hà Nội Khoa học - Xã hội 2006
Teme:
Oznake: Označite
Brez oznak, prvi označite!
Thư viện lưu trữ: Trung tâm Học liệu Trường Đại học Cần Thơ
LEADER 01693nam a2200241Ia 4500
001 CTU_133689
008 210402s9999 xx 000 0 und d
020 |c 222000 
082 |a 398.20959702 
082 |b V305t/Q.1 
110 |a Viện khoa học xã hội Việt Nam. 
110 |b Viện nghiên cứu văn hóa 
245 0 |a Tiăng cướp Djăn, Dje = 
245 0 |b Tiăng pit Djăn, Dje 
245 0 |c Viện khoa học xã hội Việt Nam. Viện nghiên cứu văn hóa 
260 |a Hà Nội 
260 |b Khoa học - Xã hội 
260 |c 2006 
520 |a Sách là một công trình nghiên cứu về sử thi Tây Nguyên là một phần trong bộ sách chung "Kho tàng sử thi Tây Nguyên" phản ánh một cách trung thực, sinh động đời sống sinh hoạt cộng đồng các dân tộc Tây Nguyên qua các bộ sử thi Anh hùng và sử thi Thần thánh. Trong mỗi bộ sử thi được trình bày dưới hình thức song ngữ: Tiếng dân tộc và tiếng phổ thông, đối với dân tộc chưa có chữ viết thì dùng vần La tinh tiếng phổ thông để phiên âm. Trong mỗi tập, ngoài phần văn bản song ngữ còn có lời giới thiệu tác phẩm của người biên tập văn học, chú thích, chú giải tác phẩm. 
650 |a Epic poetry, Monong - Vietnam.,Văn học dân gian 
650 |x Sử thi 
904 |i Trọng Hải 
980 |a Trung tâm Học liệu Trường Đại học Cần Thơ